Essential medical genetics
Gespeichert in:
| Hauptverfasser: | , |
|---|---|
| Format: | Buch |
| Sprache: | Englisch |
| Veröffentlicht: |
Oxford
Blackwell Science
1997
|
| Ausgabe: | 5a. ed |
| Schlagworte: | |
| Tags: |
Tag hinzufügen
Keine Tags, Fügen Sie den ersten Tag hinzu!
|
MARC
| LEADER | 00000nam a2200000 a 4500 | ||
|---|---|---|---|
| 001 | UCQ3039 | ||
| 003 | CL-VaPUC | ||
| 005 | 20241022152445.0 | ||
| 008 | 980817e19970000UK |||||||||||||||||eng|d | ||
| 999 | |c 273700 |d 273698 | ||
| 020 | |a 0632041587 | ||
| 040 | |c Pontificia Universidad Católica de Valparaíso | ||
| 082 | 0 | 4 | |a 616.042 |b CON |2 21 |
| 100 | 0 | |a Connor, Michael |e author |9 417083 | |
| 245 | 1 | 0 | |a Essential medical genetics |
| 250 | |a 5a. ed | ||
| 260 | |a Oxford |b Blackwell Science |c 1997 | ||
| 300 | |a 236 p | ||
| 583 | |a last modification |c 20160105 01:02:45 |k Rodrigo Vera | ||
| 650 | 0 | |a Genética |9 259443 | |
| 650 | 0 | |a Medicina |9 258507 | |
| 650 | 0 | |a Cromosomas |9 344073 | |
| 650 | 0 | |a Inmunogenética |9 417085 | |
| 650 | 0 | |a Cáncer |9 315942 | |
| 650 | 7 | |a PRENATAL |2 CL-VaPUC |9 417086 | |
| 650 | 0 | |a Ácidos nucleicos |9 348842 | |
| 700 | 0 | |a Ferguson Smith, Malcolm |e author |9 417084 | |
| 942 | |c BK |2 ddc | ||
| 945 | |d 19980817 00:00:00 |a mvenant | ||
| 952 | |0 0 |1 0 |4 0 |6 616_042000000000000_CON_1997 |7 0 |8 A |9 309521 |a BIBCUR |b BIBCUR |d 2019-11-20 |i 3449440 |o 616.042 CON 1997 |p 3449440 |r 2025-04-22 |w 2019-11-20 |y BK |k BCB | ||
| 952 | |0 0 |1 0 |2 ddc |4 0 |6 616_042000000000000_CON_1997 |7 0 |8 A |9 581853 |a BIBCUR |b BIBCUR |c GEN |d 2022-03-15 |i 3450538 |o 616.042 CON 1997 |p 3450538 |r 2025-04-22 |t 2 |w 2022-03-15 |y BK |k BCB | ||